000 00257nam a22001217a 4500
008 181106b xxu||||| |||| 00| 0 eng d
041 _aeng
080 _a370
100 _a17
101 _aEDU
245 _aCardle To Cardle
_cWilliam.M
942 _2udc
_cBK
999 _c51952
_d51952